Livestock productivity enhancers: (Record no. 72621)
[ view plain ]
| 000 -LEADER | |
|---|---|
| fixed length control field | 00516nam a2200157Ia 4500 |
| 008 - FIXED-LENGTH DATA ELEMENTS--GENERAL INFORMATION | |
| fixed length control field | 150106 1993xxk er 001 0 eng d |
| 020 ## - INTERNATIONAL STANDARD BOOK NUMBER | |
| International Standard Book Number | 851988008 |
| 040 ## - CATALOGING SOURCE | |
| Original cataloging agency | NG-ZaABU |
| 050 ## - LIBRARY OF CONGRESS CALL NUMBER | |
| Classification number | SF 756 |
| 245 #0 - TITLE STATEMENT | |
| Title | Livestock productivity enhancers: |
| Remainder of title | An economic assessment/ |
| 260 ## - PUBLICATION, DISTRIBUTION, ETC. | |
| Place of publication, distribution, etc. | Wallingford: |
| Name of publisher, distributor, etc. | C.A.B Internation, |
| Date of publication, distribution, etc. | 1993 |
| 300 ## - PHYSICAL DESCRIPTION | |
| Extent | vii, 162p.: ill. |
| 500 ## - GENERAL NOTE | |
| General note | Includes Index |
| 650 ## - SUBJECT ADDED ENTRY--TOPICAL TERM | |
| Topical term or geographic name entry element | Livestock production |
No items available.